000 00656nam a22002057a 4500
999 _c5336
_d5336
003 AR-CdUCM
008 190312b ||||| |||| 00| 0 spa d
040 _aMUNICIPALIDAD PROVINCIAL DEL CUSCO
_cBIBLIOTECA MUNICIPAL DEL CUSCO
082 _a869.56 /
_bF65
100 _aFlórez Becerra, Félix
_912218
245 _a"Anteayer" :
_bPoemas, cartas /
260 _aJunín :
_bEdiciones Elemento,
_c1969.
300 _a[s.n] ;
_c16 cm.
500 _aDonación de la familia Nieto.
650 _aPoesía peruana - Siglo XX
_914083
650 _aPoetas peruanos
_91611
650 _aPoetas - Jauja - Yauli
_916116
942 _2ddc
_cLIBROS
945 _alccs